A Textbook of Hydrology (Record no. 3597)

MARC details
000 -LEADER
fixed length control field 00407nam a22001577a 4500
008 - FIXED-LENGTH DATA ELEMENTS--GENERAL INFORMATION
fixed length control field 250522b |||||||| |||| 00| 0 eng d
020 ## - INTERNATIONAL STANDARD BOOK NUMBER
ISBN 9789380856049
100 ## - MAIN ENTRY--AUTHOR
Author Reddy Jaya P.
245 ## - TITLE STATEMENT
Title A Textbook of Hydrology
250 ## - EDITION STATEMENT
Edition statement Third Edition
260 ## - PUBLICATION, DISTRIBUTION, ETC. (IMPRINT)
Place of publication Delhi
Name of publisher University Science Press
Date of publication 2011
300 ## - COLLATION
Pagination 509p.
Other physical details illustration;
650 ## - TRACINGS
Main Subject Hydrology
942 ## - ADDED ENTRY ELEMENTS (KOHA)
Item type Books
050 ## - LIBRARY OF CONGRESS CALL NUMBER
Classification number GB661.2
Item number .R43 2011
Holdings
Source of classification or shelving scheme Not for loan Permanent location Current location Date acquired Accession No. Full call number Barcode. Koha item type
Library of Congress Classification   Samuel Ogbemudia Main Library, University of Abuja Samuel Ogbemudia Main Library, University of Abuja 05/22/2025 2024/63144 GB661.2.R43 2011 2025-2070 Books